ბათუმის შოთა რუსთაველის სახელმწიფო უნივერსიტეტის ბიბლიოთეკა

Becker's World of the cell / (ბიბ.ჩანაწერი № 57435)

000 -LEADER
fixed length control field 00895cam a2200265 i 4500
001 - CONTROL NUMBER
control field 18852227
005 - DATE AND TIME OF LATEST TRANSACTION
control field 20221105220532.0
008 - FIXED-LENGTH DATA ELEMENTS--GENERAL INFORMATION
fixed length control field 151110t20162016maua 001 0 eng
020 ## - INTERNATIONAL STANDARD BOOK NUMBER
International Standard Book Number 9780321934925 1
020 ## - INTERNATIONAL STANDARD BOOK NUMBER
International Standard Book Number 032193492X 1
020 ## - INTERNATIONAL STANDARD BOOK NUMBER
International Standard Book Number 9780134145792 1
020 ## - INTERNATIONAL STANDARD BOOK NUMBER
International Standard Book Number 0134145798 1
020 ## - INTERNATIONAL STANDARD BOOK NUMBER
International Standard Book Number 9781292177694 1
041 ## - LANGUAGE CODE
Language code of text/sound track or separate title eng
080 ## - UNIVERSAL DECIMAL CLASSIFICATION NUMBER
Universal Decimal Classification number 576.3 H-11
100 1# - MAIN ENTRY--PERSONAL NAME
Personal name Hardin, Jeff,
Relator term author.
9 (RLIN) 8626
245 10 - TITLE STATEMENT
Title Becker's World of the cell /
Statement of responsibility, etc. Jeff Hardin, University of Wisconsin-Madison, Gregory Bertoni, The Plant Cell.
250 ## - EDITION STATEMENT
Edition statement Nineth Edition.
264 #4 - PRODUCTION, PUBLICATION, DISTRIBUTION, MANUFACTURE, AND COPYRIGHT NOTICE
Date of production, publication, distribution, manufacture, or copyright notice Boston :
Place of production, publication, distribution, manufacture Pearson,
Name of producer, publisher, distributor, manufacturer 2018.
300 ## - PHYSICAL DESCRIPTION
Extent 1 volume (various pagings) :
Other physical details illustrations (some color) :
Dimensions 28 cm.
653 ## - INDEX TERM--UNCONTROLLED
keyword მოლეკულური ბიოლოგია
653 ## - INDEX TERM--UNCONTROLLED
keyword მედიცინა
700 1# - ADDED ENTRY--PERSONAL NAME
Personal name Bertoni, Gregory,
Relator term ავტორი
9 (RLIN) 8628
942 ## - ADDED ENTRY ELEMENTS (KOHA)
Source of classification or shelving scheme
Koha item type წიგნი
ეგზემპლარები
Withdrawn status Lost status Source of classification or shelving scheme Damaged status Not for loan Permanent Location Current Location Shelving location Date acquired Cost, normal purchase price Full call number Barcode Date last seen Copy number Price effective from Koha item type Public note
          ბათუმის შოთა რუსთაველის სახელმწიფო უნივერსიტეტის მთავარი ბიბლიოთეკა ბათუმის შოთა რუსთაველის სახელმწიფო უნივერსიტეტის მთავარი ბიბლიოთეკა წიგნსაცავი 2020-06-22 213.00 576.3 H-11 60631 2020-06-22 60631 2020-06-22 წიგნი 213 ლ.